| Tag |
First Indicator |
Second Indicator |
Subfields |
| LEADER |
00000cam a2200000 a 4500 |
| 001 |
in00000086146 |
| 005 |
20151008062553.0 |
| 008 |
820128s1981 enka b 00110 eng d |
| 020 |
|
|
|a 0631125264
|
| 020 |
|
|
|a 0631127763 (pbk.)
|
| 035 |
|
|
|a (OCoLC)08104639
|
| 035 |
|
|
|9 AAK0500AM
|
| 040 |
|
|
|a NAM
|c NAM
|d TXA
|d UtOrBLW
|
| 049 |
|
|
|a TXAM
|c [1561035]
|
| 090 |
|
|
|a HE151
|b .G54 1981a
|
| 100 |
1 |
|
|a Glaister, Stephen.
|
| 245 |
1 |
0 |
|a Fundamentals of transport economics /
|c Stephen Glaister.
|
| 264 |
|
1 |
|a Oxford :
|b B. Blackwell,
|c 1981.
|
| 300 |
|
|
|a xi, 194 pages :
|b illustrations ;
|c 24 cm.
|
| 336 |
|
|
|a text
|b txt
|2 rdacontent
|
| 337 |
|
|
|a unmediated
|b n
|2 rdamedia
|
| 338 |
|
|
|a volume
|b nc
|2 rdacarrier
|
| 500 |
|
|
|a Includes index.
|
| 504 |
|
|
|a Bibliography: pages [184]-190.
|
| 650 |
|
0 |
|a Transportation.
|
| 650 |
|
0 |
|a Choice of transportation
|x Cost effectiveness.
|
| 999 |
|
|
|a MARS
|
| 999 |
f |
f |
|s 29d84ff9-c025-3f69-981b-20ba2a601cbc
|i c17b4885-903d-34a1-a85d-20e3a4c93214
|t 0
|
| 952 |
f |
f |
|p ric
|a Texas A&M University
|b Rellis Campus
|c Joint Library Facility
|d Remote Storage
|t 0
|e HE151 .G54 1981a
|h Library of Congress classification
|i unmediated -- volume
|m A14806132420
|
| 998 |
f |
f |
|a HE151 .G54 1981a
|t 0
|l Remote Storage
|